10 Najwartościowszych Piłkarzy Jupiler Pro League - Statystyki

Ogólne statystyki
  • Ten quiz został rozwiązany 14 razy
  • Średni wynik to 2 z 10
Statystyki odpowiedzi
Wartość Piłkarz % Poprawnych
13,5 mln Dennis
46%
22,5 mln David
38%
12 mln Vanaken
38%
9 mln Doku
31%
8 mln Maehle
23%
19 mln Diatta
8%
13,5 mln Verschaeren
8%
10 mln Lokonga
0%
13,5 mln Vanheusden
0%
9,5 mln Yaremchuk
0%
Nie znaleziono quizów pasujących do podanych kryteriów
Rozkład punktacji
Procent ludzi z każdym wynikiem
Percentyl według liczby udzielonych odpowiedzi
Twoja historia wyników
Nie rozwiązałeś tego quizu